<?xml version="1.0" encoding="UTF-8"?>
<record
    xmlns:xsi="http://www.w3.org/2001/XMLSchema-instance"
    xsi:schemaLocation="http://www.loc.gov/MARC21/slim http://www.loc.gov/standards/marcxml/schema/MARC21slim.xsd"
    xmlns="http://www.loc.gov/MARC21/slim">

  <leader>00765nam a22002177a 4500</leader>
  <controlfield tag="003">OSt</controlfield>
  <controlfield tag="008">260630b        |||||||| |||| 00| 0 eng d</controlfield>
  <datafield tag="020" ind1=" " ind2=" ">
    <subfield code="a">9781522551874</subfield>
  </datafield>
  <datafield tag="082" ind1=" " ind2=" ">
    <subfield code="a">658.872</subfield>
    <subfield code="b">I43D</subfield>
  </datafield>
  <datafield tag="100" ind1=" " ind2=" ">
    <subfield code="a">IRMA</subfield>
  </datafield>
  <datafield tag="245" ind1=" " ind2=" ">
    <subfield code="a">Digital Marketing and Consumer Engagement : concepts, methodologies, tools, and applications / </subfield>
    <subfield code="c">by Information Resources Management Association</subfield>
  </datafield>
  <datafield tag="260" ind1=" " ind2=" ">
    <subfield code="a">.- USA</subfield>
    <subfield code="b">: IGI Global</subfield>
    <subfield code="c">, 2018</subfield>
  </datafield>
  <datafield tag="300" ind1=" " ind2=" ">
    <subfield code="a">vol.- l, (xx,567); vol.- ll, (xx,568-1147); vol.- lll, (xx,1148-1723)p.</subfield>
  </datafield>
  <datafield tag="365" ind1=" " ind2=" ">
    <subfield code="e">3vol. Set Price- 78103.00</subfield>
  </datafield>
  <datafield tag="650" ind1=" " ind2=" ">
    <subfield code="a">Technology (Applied Sciences)</subfield>
  </datafield>
  <datafield tag="650" ind1=" " ind2=" ">
    <subfield code="a">Management and Auxiliary Services</subfield>
  </datafield>
  <datafield tag="650" ind1=" " ind2=" ">
    <subfield code="a">Digital Marketing</subfield>
  </datafield>
  <datafield tag="650" ind1=" " ind2=" ">
    <subfield code="a">Consumer Engagement</subfield>
  </datafield>
  <datafield tag="650" ind1=" " ind2=" ">
    <subfield code="a">Online Marketing</subfield>
  </datafield>
  <datafield tag="942" ind1=" " ind2=" ">
    <subfield code="2">ddc</subfield>
    <subfield code="c">RFB</subfield>
  </datafield>
  <datafield tag="999" ind1=" " ind2=" ">
    <subfield code="c">52494</subfield>
    <subfield code="d">52494</subfield>
  </datafield>
  <datafield tag="952" ind1=" " ind2=" ">
    <subfield code="0">0</subfield>
    <subfield code="1">0</subfield>
    <subfield code="2">ddc</subfield>
    <subfield code="4">0</subfield>
    <subfield code="7">0</subfield>
    <subfield code="a">RAU</subfield>
    <subfield code="b">RAU</subfield>
    <subfield code="c">REF</subfield>
    <subfield code="d">2026-06-30</subfield>
    <subfield code="e">TTPP, New Delhi</subfield>
    <subfield code="g">26034.00</subfield>
    <subfield code="l">0</subfield>
    <subfield code="o">658.872 I43D</subfield>
    <subfield code="p">87659</subfield>
    <subfield code="r">2026-06-30</subfield>
    <subfield code="w">2026-01-29</subfield>
    <subfield code="y">RFB</subfield>
    <subfield code="z">Volume- l</subfield>
    <subfield code="k">IN-00449</subfield>
  </datafield>
  <datafield tag="952" ind1=" " ind2=" ">
    <subfield code="0">0</subfield>
    <subfield code="1">0</subfield>
    <subfield code="2">ddc</subfield>
    <subfield code="4">0</subfield>
    <subfield code="7">0</subfield>
    <subfield code="a">RAU</subfield>
    <subfield code="b">RAU</subfield>
    <subfield code="c">REF</subfield>
    <subfield code="d">2026-06-30</subfield>
    <subfield code="e">TTPP, New Delhi</subfield>
    <subfield code="g">26034.00</subfield>
    <subfield code="o">658.872 I43D</subfield>
    <subfield code="p">87660</subfield>
    <subfield code="r">2026-06-30</subfield>
    <subfield code="w">2026-01-29</subfield>
    <subfield code="y">RFB</subfield>
    <subfield code="z">Volume- ll</subfield>
    <subfield code="k">IN-00449</subfield>
  </datafield>
  <datafield tag="952" ind1=" " ind2=" ">
    <subfield code="0">0</subfield>
    <subfield code="1">0</subfield>
    <subfield code="2">ddc</subfield>
    <subfield code="4">0</subfield>
    <subfield code="7">0</subfield>
    <subfield code="a">RAU</subfield>
    <subfield code="b">RAU</subfield>
    <subfield code="c">REF</subfield>
    <subfield code="d">2026-06-30</subfield>
    <subfield code="e">TTPP, New Delhi</subfield>
    <subfield code="g">26034.00</subfield>
    <subfield code="o">658.872 I43D</subfield>
    <subfield code="p">87661</subfield>
    <subfield code="r">2026-06-30</subfield>
    <subfield code="w">2026-01-29</subfield>
    <subfield code="y">RFB</subfield>
    <subfield code="z">Volume- lll</subfield>
    <subfield code="k">IN-00449</subfield>
  </datafield>
</record>
